LEADER 01405nam0 22003253i 450 001 NAP0421115 005 20251003044250.0 010 $a9782876472877 100 $a20081028e2008 ||||0itac50 ba 101 | $afre 102 $afr 181 1$6z01$ai $bxxxe 182 1$6z01$an 200 1 $aFeuilles d'analyse appliquée à la géométrie à l'usage de l'École Polytechnique, Publiées la première de cette École (an 3 de la République)$fGaspard Monge 210 $a[Paris]$cJ. Gabay$dc2008 215 $a137 p., [3] c. di tav.$d28 cm 300 $aRipr. facs. dell'ed.: Paris : Baudouin, Thermidor an 9 [1801]. 606 $aGeometria analitica$2FIR$3CFIC002236$9E 696 $aGeometria cartesiana 699 $aGeometria analitica$yGeometria cartesiana 700 1$aMonge$b, Gaspard$3LO1V137262$4070$05304 790 1$aMonge$b, G.$3MILV203344$zMonge, Gaspard 801 3$aIT$bIT-000000$c20081028 850 $aIT-BN0095 901 $bNAP 01$cRIPR. FACS$n$ 912 $aNAP0421115 950 0$aBiblioteca Centralizzata di Ateneo$b1 v.$c1 v.$d 01RIPR. FACSFr. C 0018$e 0102 0000070065 VMA A4 1 v.$fY $h20081024$i20081024 977 $a 01 996 $aFeuilles d'analyse appliquée à la géométrie à l'usage de l'École Polytechnique, Publiées la première de cette École (an 3 de la République$9103868 997 $aUNISANNIO